| 000 | 01342nam a2200277 a 4500 | ||
|---|---|---|---|
| 001 | 81011 | ||
| 003 | BD-RjUL | ||
| 005 | 20221223184022.0 | ||
| 008 | 221222s1995 vau 000 0 ara d | ||
| 020 | _a0912463775 | ||
| 035 | _a(BD-RjUL)81011 | ||
| 040 |
_aNNL _bara _cBD-RjUL |
||
| 041 | _aara | ||
| 082 |
_223 _a909.097671 _bKAH 1995 |
||
| 100 | 1 |
_aKhalil, Imad Uddin خليل، عماد الدين _96415 |
|
| 245 | 1 | 0 |
_aحول تشكيل العقل المسلم / hawl tashkil aleaql almuslim / _c[تاليف] عماد الدين خليل.Imad Uddin Khalil. |
| 250 | _a5th ed, الطبعة الخامسه | ||
| 260 |
_aهيرندن، فيرجينيا : _bالمعهد العالمى للفكر الاسلامى، almaehad alealamaa lilfikr aliaslamaa، _c1995 |
||
| 300 | _a١٨٠ص. | ||
| 490 | 1 |
_asilsilat qadaya alfikr alaslamii (hirndin (firjinya)) ; سلسلة قضايا الفكر الاسلامي (هيرندن (فرجينيا)) ؛ _v٦ |
|
| 650 | 4 |
_aIslam _xHistory _y19th century _96416 |
|
| 650 | 4 |
_aIslam _xHistory _y20th century _96417 |
|
| 710 | 2 |
_aالمعهد العالمي للفكر الاسلامي _9848 |
|
| 830 | 0 |
_aسلسلة قضايا الفكر الاسلامي (هيرندن (فرجينيا)) ;silsilat qadaya alfikr alaslamii (hirndin (firjinya)) ; _v٦. _96418 |
|
| 942 |
_2ddc _cBK |
||
| 999 |
_c81011 _d81011 |
||